| 000 | 00493 a2200181 i 4500 | ||
|---|---|---|---|
| 001 | 198188 | ||
| 003 | 46521 | ||
| 005 | 20240919132438.0 | ||
| 090 | _a198188 | ||
| 100 | _a u||y y50 zz | ||
| 101 | _grus | ||
| 102 | _aRU | ||
| 200 |
_aГабриэль Гарсиа Маркес _eОчерк творчества |
||
| 210 |
_aМосква _d1986 _cХудож. лит. |
||
| 215 | _a224 с. | ||
| 675 | _a821.09(100) | ||
| 700 |
_aЗемсков _bВ. Б. |
||
| 942 |
_2udc _cBOOK _j821.09(100) _z46521 |
||